|
|
|
|
| LEADER |
00000nam0a2200000 4500 |
| 001 |
339484 |
| 005 |
20231102005140.0 |
| 035 |
|
|
|a (RuTPU)RU\TPU\book\366000
|
| 090 |
|
|
|a 339484
|
| 100 |
|
|
|a 20171222d1959 km y0rusy50 ca
|
| 101 |
0 |
|
|a rus
|
| 102 |
|
|
|a RU
|
| 105 |
|
|
|a a z 000zy
|
| 200 |
1 |
|
|a Век полимеров
|f Б. Я. Розен
|
| 210 |
|
|
|a Ленинград
|c Лениздат
|d 1959
|
| 215 |
|
|
|a 247 с.
|c ил.
|
| 606 |
1 |
|
|a Полимеры
|2 stltpush
|3 (RuTPU)RU\TPU\subj\50220
|9 68952
|
| 610 |
1 |
|
|a органический синтез
|
| 610 |
1 |
|
|a химическая технология
|
| 610 |
1 |
|
|a синтетические материалы
|
| 610 |
1 |
|
|a создание
|
| 610 |
1 |
|
|a производство
|
| 610 |
1 |
|
|a применение
|
| 610 |
1 |
|
|a синтетические волокна
|
| 610 |
1 |
|
|a синтетические каучуки
|
| 610 |
1 |
|
|a пластмассы
|
| 610 |
1 |
|
|a стеклопластики
|
| 675 |
|
|
|a 678.4
|v 4
|
| 700 |
|
1 |
|a Розен
|b Б. Я.
|
| 801 |
|
1 |
|a RU
|b 63413507
|c 20171222
|
| 801 |
|
2 |
|a RU
|b 63413507
|c 20181106
|g RCR
|
| 942 |
|
|
|c BK
|